Virosis de la papa y de la semilla de papa /
Guardado en:
| Autor Principal: | |
|---|---|
| Formato: | Libro |
| Idioma: | Spanish |
| Publicado: |
Buenos Aires :
Hemisferio Sur,
1980.
|
| Materias: | |
| Etiquetas: |
Agregar Etiqueta
Sin Etiquetas, Sea el primero en etiquetar este registro!
|
| LEADER | 00654nam a22001575a 4500 | ||
|---|---|---|---|
| 001 | EEA.libagro009174 | ||
| 005 | 20171227102433.0 | ||
| 008 | 130809s1980####ag#a##########000#0#spa#d | ||
| 082 | 0 | 4 | |a 635.2198 |
| 100 | 1 | |a Bokx, J. A. de. | |
| 245 | 1 | 0 | |a Virosis de la papa y de la semilla de papa / |c J. A. de Bokx. |
| 260 | |a Buenos Aires : |b Hemisferio Sur, |c 1980. | ||
| 300 | |a xxiv, 303 p. : |b il. ; |c 22 cm. | ||
| 500 | |a Título del original en inglés: Viruses of potatoes and Seed-Potato Production. Centre for Agricultural Publishing and Documentation. Wageningen, 1972. | ||
| 650 | 7 | |a Enfermedades de las plantas | |
| 859 | |a AR-BbBCA |b BIB. AGRONOMIA |h 635.2198 |i D287 |p 2013/6239 | ||
